Omosessualità controcorrente. Vivere secondo la Chiesa ed essere felici (Record n. 336541)
[ formato base ]
| 000 -LEADER | |
|---|---|
| campo di controllo lung. fissa | nam a22 7a 4500 |
| 003 - Identificatore del numero di controllo | |
| campo di controllo | IT-MiCISF |
| 005 - Data e orario dell'ultima transazione | |
| campo di controllo | 20170330154243.0 |
| 008 - Elementi di lunghezza fissa--Informazione generale | |
| campo di controllo lung. fissa | 170330b xxu||||| |||| 00| 0 eng d |
| 040 ## - Fonte della catalogazione | |
| Agenzia che fa la trascrizione | IT-MiCISF |
| 041 ## - Codice di lingua | |
| Codice di lingua del testo/traccia sonora o titolo separato | it |
| 100 ## - Accesso principale -- nome di persona | |
| Nome di persona | Arino Philippe |
| 9 (RLIN) | 56319 |
| 245 ## - Formulazione del titolo | |
| Titolo | Omosessualità controcorrente. Vivere secondo la Chiesa ed essere felici |
| 260 ## - Pubblicazione, distribuzione, ecc. (stampa) | |
| Luogo di pubblicazione, distribuzione, ecc. | Cantalupa (TO) |
| Nome dell'editore, distributore, ecc. | Effatà Editrice |
| Data di pubblicazione, distribuzione, ecc. | 2014 |
| 300 ## - Descrizione fisica | |
| Estensione | pp. 79 |
| 500 ## - Nota generale | |
| Nota generale | omosessualità, chiesa, sessualità, etica, persona, identità-sessuale |
| 520 ## - Riassunto, ecc. | |
| Nota di riassunto, ecc. | Questo libro parla del desiderio omosessuale, di che cos’è, di come “conviverci” e di come parlarne, presentando anche la posizione della Chiesa cattolica sull’omosessualità. Attraverso un linguaggio chiaro e diretto, queste pagine possono aiutare le persone che si sentono direttamente coinvolte dal desiderio omosessuale a orientare la propria vita e le relazioni con gli altri. L’ A. – che ha al suo attivo numerose pubblicazioni sull’argomento e diverse partecipazioni a programmi televisivi e radiofonici - rivendica la propria appartenenza alla cultura omosessuale, di cui in Francia è uno dei massimi esperti. |
| 650 ## - Accesso aggiunto di soggetto--termine topico | |
| Termine topico o nome geografico come accesso | sessualità |
| 9 (RLIN) | 56091 |
| 654 ## - Accesso aggiunto di soggetto--termini topici faccettati | |
| Termine principale | saggio |
| 942 ## - Dati aggiuntivi (Koha) | |
| Fonte della classificazione o dello schema di collocazione (segnatura) | Dewey Decimal Classification |
| Tipo copia default (Koha) | LIBRO |
| Ritirato (status) | Perso (status) | Fonte della classificazione o dello schema di collocazione (segnatura) | Danneggiato (status) | Non per il presito | Biblioteca proprietaria | Biblioteca in cui si trova | Data d'acquisizione | Totale prestiti | Collocazione | Data ultima operazione | Prezzo in vigore dal | Tipo copia default (Koha) |
|---|---|---|---|---|---|---|---|---|---|---|---|---|
| Dewey Decimal Classification | Buone Condizioni | Not For Loan | CISF - Milano | CISF - Milano | 30/03/2017 | b7247 | 30/03/2017 | 30/03/2017 | LIBRO |